000 00607nam a22001937a 4500
003 DO-SdBNP
005 20171208151236.0
008 171025b 1998|||| |||| 00| 0 spa d
020 _a9780201886788
040 _aBPMSU
_bspa
_cBPMSU
100 1 _aDavis, Jack
245 1 3 _aThe web design wow! book :
_bshowcasing the best of on-screen communication /
_cJack Davis, Susan Merrit
260 _aEstados Unidos :
_bPeachpit :
_c1998.
300 _a218 p. :
_bil. ;
_c22 cm.
700 1 _aMerrit, Susan
942 _2ddc
_cBK
945 _aInventariado extranjero / 2017 YL
956 _aBTAVAREZ
_b10
_c20172510
_d0038
999 _c12695
_d12695